000 00502nam a2200181 4500
001 109519
003 ES-MaACL
005 20230906184846.0
007 t|
008 061121s1970 sp r ||||1| spa d
100 1 _aMuller, Paul.
_984140
245 1 0 _aAdiós, Shirley /
_cPaul Muller; versión de Diana Popescu.
250 _a1ª. ed.
260 _aBarcelona :
_bRumeu,
_c1970.
300 _a223 p. :
_bil. ;
_c18 cm.
700 1 _aPopescu, Diana.
_993092
852 _aES-MaACL
_jC-40747
_bR.73449
999 _c109519
_d109519